| 000 | 00616nam a2200205Ia 4500 | ||
|---|---|---|---|
| 003 | GCL | ||
| 008 | 140319s9999 xx 000 0 ara d | ||
| 040 |
_aGCL / _cGCL |
||
| 082 | 0 | 4 |
_aد _b050 _bم س |
| 100 | 1 | _aمديرية الاثار العامة | |
| 245 | 1 | 0 |
_aسومر / _cمديرية الاثار العامة |
| 260 |
_a[S.N] : _bمديرية الاثار العامة |
||
| 300 | _aمتعددة | ||
| 490 |
_aدروس فى التطبيق النحوى _v0 |
||
| 650 | 0 | 4 | _aالحضارة |
| 650 | 0 | 4 | _aالوطن العربى |
| 650 | 0 | 4 | _aالتاريخ |
| 650 | 0 | 4 | _aالاثار |
| 942 |
_2ddc _cCF |
||
| 999 |
_c27005 _d27005 |
||